000 00448nam a22001697a 4500
003 BD-ChCU
005 20260331103828.0
008 260331b bg ||||| |||| 00| 0 ben d
040 _cBD-ChCU
082 _a371.1 TEC
100 _aA. D. C. Peterson. ed.
_920969
245 _aTechniques of teaching.//
_cA. D. C. Peterson. ed.
260 _aOxford.
_bPergamon.
_c1971
300 _avol. 2, 3
650 0 _aTeaching.
_920971
942 _2ddc
_cBK
_n0
999 _c111956
_d111956